<?xml version="1.0" encoding="UTF-8"?>
<record
    xmlns:xsi="http://www.w3.org/2001/XMLSchema-instance"
    xsi:schemaLocation="http://www.loc.gov/MARC21/slim http://www.loc.gov/standards/marcxml/schema/MARC21slim.xsd"
    xmlns="http://www.loc.gov/MARC21/slim">

  <leader>02572agaaa2200313   4500</leader>
  <controlfield tag="001">6182</controlfield>
  <controlfield tag="003">IT-RoPAU</controlfield>
  <controlfield tag="005">20220918181247.0</controlfield>
  <controlfield tag="007">d cvaizq</controlfield>
  <controlfield tag="008">50131s9999||||xx ||| |     ||   ||und||</controlfield>
  <datafield tag="040" ind1=" " ind2=" ">
    <subfield code="a">IT-RoPAU</subfield>
    <subfield code="c">IT-RoPAU</subfield>
  </datafield>
  <datafield tag="041" ind1=" " ind2=" ">
    <subfield code="a">ITALIANO</subfield>
  </datafield>
  <datafield tag="100" ind1=" " ind2=" ">
    <subfield code="a">Lattuada Alberto</subfield>
    <subfield code="g">Codice regista SPICS: 4829</subfield>
    <subfield code="9">47738</subfield>
  </datafield>
  <datafield tag="130" ind1=" " ind2=" ">
    <subfield code="a">ANNA</subfield>
    <subfield code="9">47739</subfield>
  </datafield>
  <datafield tag="245" ind1=" " ind2=" ">
    <subfield code="a">ANNA</subfield>
    <subfield code="c">Prodotto da: De Laurentis Ponti -- Sceneggiatura: Berto Giuseppe Brusati Franco Perilli Ivo Risi Dino Sonego R. -- Diretto da: Lattuada Alberto</subfield>
    <subfield code="p">ANNA (Rif. Codice opera principale : 26182)</subfield>
  </datafield>
  <datafield tag="250" ind1=" " ind2=" ">
    <subfield code="a">Edizione Standard</subfield>
  </datafield>
  <datafield tag="260" ind1=" " ind2=" ">
    <subfield code="a">(ITALIA)</subfield>
    <subfield code="b">LUX FILM / Distribuzione: RAI</subfield>
    <subfield code="g">"1952 (1&#xB0; ed.: 1984 ; Ed. Lingua Orig.: 1952)"</subfield>
  </datafield>
  <datafield tag="300" ind1=" " ind2=" ">
    <subfield code="a">VHS</subfield>
    <subfield code="b">sonoro, b&amp;w</subfield>
  </datafield>
  <datafield tag="508" ind1=" " ind2=" ">
    <subfield code="a">"Fotografia: Martelli Otello; Montaggio: Varriale Gabriele; Musica: Rota Nino; Sceneggiatura: Berto Giuseppe Brusati Franco Perilli Ivo Risi Dino Sonego R.; "</subfield>
  </datafield>
  <datafield tag="511" ind1=" " ind2=" ">
    <subfield code="a">"Mangano Silvana; Vallone Raf; Morlay Gaby; Dumesnil Jacques; Gassman Vittorio"</subfield>
  </datafield>
  <datafield tag="520" ind1=" " ind2=" ">
    <subfield code="a">ANNA GIOVANE NOVIZIA E' UN'INFERMIERA CARITATEVOLE E ZELANTE UNA NOTTE GIUNGE ALL'OSPEDALE UN FERITO GRAVE IN CUI ANNA RICONOSCE ANDREA IL GIOVANE ALQUALE S'ERA PROMESSA PRIMA DI DARSI ALLA VITA RELIGIOSA MENTRE IL PRIMARIOOPERA IL FERITO LE IMMAGINI DI UN PASSATO NON LONTANO SI RIPRESENTANO ALLAMENTE DELL'INFERMIERA ANNA SI RIVEDE BALLERINA IN UN LOCALE NOTTURNO A QUEL TEMPO ERA L'AMANTE DI WALTER L'ADDETTO AL BAR UOMO CRUDELE E CINICO AVENDO CONOSCIUTO ANDREA GIOVANE BUONO E MORALMENTE SANO S'ERA INNAMORATA DI LUIE PER SOTTRARSI AL DOMINIO DI WALTER S'ERA RIFUGIATA NELLA TRATTORIA DELL'AMATO L'INTERVENTO DI WALTER AVEVA PROVOCATO UNA LOTTA VIOLENTA DURANTE LA QUALE ANDREA PER DIFENDERE ANNA AVEVA UCCISO WALTER ANNA RIMASTA FERITA NELCONFLITTO AVEVA DECISO DI DIVENTAR SUORA ORA L'ANIMO DELLA NOVIZIA E' COMBATTUTO TRA L'AMORE CHE SI RISVEGLIA E IL DOVERE: ANDREA CONVALESCENTE LE DOMANDA DI SPOSARLO ED ANNA E' SUL PUNTO DI CEDERE QUANDO GIUNGE LA NOTIZIA DI UN GRAVE DISASTRO FERROVIARIO NUMEROSI FERITI VENGONO AVVIATI ALL'OSPEDALE: ANNA SENTE CHE IL SUO DOVERE E' DI DEDICARSI A CHI SOFFRE E RINUNCIA PERSEMPRE A QUALSIASI FORMA DI FELICITA' MONDANA</subfield>
  </datafield>
  <datafield tag="538" ind1=" " ind2=" ">
    <subfield code="a">PAL, STEREO</subfield>
  </datafield>
  <datafield tag="546" ind1=" " ind2=" ">
    <subfield code="a">ITALIANO</subfield>
  </datafield>
  <datafield tag="650" ind1=" " ind2=" ">
    <subfield code="a">DRAMMATICO</subfield>
    <subfield code="e">FILMS [VHS]</subfield>
    <subfield code="x">Codice MATERIA SPICS: 9960</subfield>
    <subfield code="9">34083</subfield>
  </datafield>
  <datafield tag="700" ind1=" " ind2=" ">
    <subfield code="a">Brusati Franco </subfield>
    <subfield code="e">(soggetto)</subfield>
    <subfield code="g">Codice Soggetto SPICS: 15213</subfield>
    <subfield code="9">47740</subfield>
  </datafield>
  <datafield tag="700" ind1=" " ind2=" ">
    <subfield code="a">Lattuada Alberto </subfield>
    <subfield code="e">(regista)</subfield>
    <subfield code="g">Codice regista SPICS: 4829</subfield>
    <subfield code="9">47741</subfield>
  </datafield>
  <datafield tag="700" ind1=" " ind2=" ">
    <subfield code="a">Rota Nino</subfield>
    <subfield code="e">(musica)</subfield>
    <subfield code="g">Codice Musica SPICS: 11128</subfield>
    <subfield code="9">47742</subfield>
  </datafield>
  <datafield tag="942" ind1=" " ind2=" ">
    <subfield code="c">VH</subfield>
    <subfield code="2">ddc</subfield>
  </datafield>
  <datafield tag="999" ind1=" " ind2=" ">
    <subfield code="c">106601</subfield>
    <subfield code="d">106601</subfield>
  </datafield>
  <datafield tag="952" ind1=" " ind2=" ">
    <subfield code="0">0</subfield>
    <subfield code="1">0</subfield>
    <subfield code="4">0</subfield>
    <subfield code="6">26182_000000000000000</subfield>
    <subfield code="7">1</subfield>
    <subfield code="a">SPICS</subfield>
    <subfield code="b">SPICS</subfield>
    <subfield code="d">2015-01-31</subfield>
    <subfield code="l">0</subfield>
    <subfield code="o">26182</subfield>
    <subfield code="r">2015-01-31 00:00:00</subfield>
    <subfield code="w">2015-01-31</subfield>
    <subfield code="y">VH</subfield>
    <subfield code="z">Progr. Ins.: 1598 / N.Vol.:1 / Copie: 1 / Pag.: / Copia rara: NO / date import: 1.2.2015 / By Epidotti, Trombetti, Vaglietti</subfield>
  </datafield>
</record>
